00287nam a2200121Ia 4500008004100000082001400041100002000055245003000075250000800105260002400113300001000137650001800147150201s2011 xx 000 0 und d a611bH11S aSINGH, INDERBIR aTB. OF HUMAN NEUROANATOMY a8TH bJAYPEEaDELHIc2011 a1-310 aHUMAN ANATOMY